Histoire du drapeau de Chypre - Statistiques

Statistiques générales
  • Ce quiz a été pris 53 fois
  • Le résultat moyen est 10 sur 14
Statistiques - réponses
Hint Réponse % Correct
Empire romain (-63 -395)
92%
Troisième drapeau de Chypre (drapeau actuel depuis 2006)
92%
Deuxième drapeau de l'empire Ottoman (1844-1878)
81%
Empire Byzantin (395-1192)
81%
Premier drapeau de l'empire Ottoman (1571-1844)
78%
Premier drapeau de Chypre (1960)
78%
Deuxième drapeau de Chypre (1960-2006)
67%
Colonie vénitienne de Chypre (1489-1571)
67%
Deuxième drapeau de la colonie britannique de Chypre (1881-1922)
61%
Empire Achéménides (-559 - -312)
61%
Royaume de Chypre (1192-1489)
58%
Troisième drapeau de la colonie britannique de Chypre (1922-1960)
58%
Empire Séleucides (-312 - -63)
58%
Premier drapeau de la colonie britannique de Chypre (1878-1881)
31%
Aucun quiz correspondant
Distribution des résultats
% des personnes avec chaque résultat
Percentile par nombre de réponses
Votre historique - résultats
Vous n’avez pas pris ce quiz